Easy General Knowledge -2 - Statistics

General Stats
  • This quiz has been taken 555 times
  • The average score is 8 of 12
Answer Stats
Hint Answer % Correct
Which fruit gave its name to a desk top computer in 1984? Apple
98%
What colour are Superman's shorts? red
98%
How many wings does a butterfly have? 4
95%
What is the name of the fairy in Peter Pan? Tinkerbell
86%
What is the closest planet to Earth? Venus
86%
What type of animal was Babe in the film of the same name? Pig
83%
Which cartoon dog has the initials "S.D." on his collar? Scooby Doo
63%
What mineral is spinach high in? Iron
61%
What is the unit of currency in India? rupee
59%
What was the name of the green Tellytubby? Dipsy
49%
Who's slogan was Put a Tiger in Your Tank? Esso
18%
What sort of hat did Laurel and Hardy wear? Bowlers
4%
No matching quizzes found
Score Distribution
Percent of People with Each Score
Percentile by Number Answered
Your Score History
You have not taken this quiz